000 02717nam a22003737a 4500
005 20111219105024.0
010 _aB-481906-917
020 _a8181469666
_c100.00
020 _a9788181469663
_c100.00
035 _aB-481906-917
037 _bBlue Berry/Ven
082 _aS
100 _aSpillman, Ken
_953763
245 _aAdvaita the writer /
_cby Ken Spillman; illustrated by Soumya Menon
260 _aChennai
_bTulika Publishers
_c2011
270 _a13, Prithvi Avenue, Abhiramaouram
_bChennai
_e600 018
300 _a45p.
_bill.
_c23cm(pbk)
650 _aStories
_9938
700 _a Menon, Soumya
_937036
942 _2ddc
_cCH
_mSPI
_hS
999 _c59555
_d59555